Statistics for Appointments - Julien Baker (Lyrics)

Click here to take the quiz!

General Stats

  • This quiz has been taken 5 times
  • The average score is 152 of 239

Answer Stats

Answer% Correct
a
100%
any
100%
Appointments
100%
help
100%
me
100%
miss
100%
more
100%
not
100%
so
100%
somebody
100%
someone
100%
to
100%
who
100%
again
67%
already
67%
am
67%
And
67%
and
67%
argue
67%
be
67%
better
67%
bring
67%
can
67%
disappoint
67%
don't
67%
effort
67%
from
67%
get
67%
have
67%
How
67%
how
67%
I?
67%
(I
67%
I
67%
if
67%
I'm
67%
in
67%
it)
67%
it
67%
it's
67%
just
67%
know
67%
knows
67%
leaving
67%
lie
67%
like
67%
looks
67%
much
67%
Now
67%
Oh
67%
remind
67%
should
67%
staying
67%
stop
67%
talk
67%
that
67%
That
67%
the
67%
then
67%
think
67%
this
67%
tonight
67%
try
67%
trying
67%
up
67%
used
67%
want
67%
Wanted
67%
wanted
67%
what
67%
won't
67%
worth
67%
You
67%
you
67%
all
33%
believe
33%
benefit
33%
but
33%
canvases
33%
emptiness
33%
fail
33%
for
33%
gonna
33%
is
33%
is)
33%
lesson
33%
listening
33%
live
33%
Maybe
33%
my
33%
Nothing
33%
out
33%
pictured
33%
(Probably
33%
right
33%
ruin
33%
still
33%
Suggest
33%
tell
33%
'til
33%
turn
33%
turns
33%
when
33%
with
33%
you're
33%

Score Distribution

Percentile by Number Answered

Percent of People with Each Score

Your Score History

You have not taken this quiz